Európsky marketing

Uložené v:
Podrobná bibliografia
Hlavný autor: Čihovská, Viera
Korporativný autor: Ekonomická univerzita v Bratislave
Ďalší autori: Čihovský, Martin, Kita, Jaroslav, Lieskovská, Vanda, 1961-
Médium: Kniha
Jazyk:Slovak
Vydavateľské údaje: Bratislava Sprint dva 2011
Predmet:
Tagy: Pridať tag
Žiadne tagy, Buďte prvý, kto otaguje tento záznam!

MARC

LEADER 00000nam a2200000 4500
001 0128005
005 20240502072447.3
020 |a 978-80-89393-36-7 
041 0 |a slo 
044 |a SK 
245 1 0 |a Európsky marketing  |c Viera Čihovská, Martin Čihovský 
264 1 |a Bratislava  |b Sprint dva  |c 2011 
300 |a 201 s. [11,90 AH] 
610 2 0 |a marketing 
610 2 0 |a marketing globálny 
610 2 0 |a marketing medzinárodný 
610 2 0 |a trh 
610 2 0 |a integrácia ekonomická medzinárodná 
610 2 0 |a integrácia menová 
610 2 0 |a Európska únia 
610 2 0 |a prostredie ekonomické 
610 2 0 |a prostredie podnikateľské 
610 2 0 |a produkt domáci hrubý 
610 2 0 |a spotreba 
610 2 0 |a inflácia 
610 2 0 |a obchod zahraničný 
610 2 0 |a politika sociálna 
610 2 0 |a kultúra 
610 2 0 |a spotrebitelia 
610 2 0 |a segmentácia trhu 
610 2 0 |a stratégia marketingová 
610 2 0 |a marketing mix 
610 2 0 |a produkty 
610 2 0 |a politika cenová 
610 2 0 |a ceny 
610 2 0 |a komunikácia marketingová 
610 2 0 |a distribúcia 
100 1 |a Čihovská, Viera 
700 1 |a Čihovský, Martin 
700 1 |a Kita, Jaroslav 
700 1 |a Lieskovská, Vanda, 1961- 
710 2 |a Ekonomická univerzita v Bratislave